000 00374nam a22001457a 4500
008 250630b |||||||| |||| 00| 0 eng d
020 _a9789991045007
050 _aHD2745
_b.A55
100 _aBendu Allie Dante
245 _aCorporate goverance
260 _aLagos
_bintes training & educational service
300 _avi,80p.
650 _aCorporate goverance
942 _cBK
999 _c4011
_d4011